| 000 | 004700000a22001930004500 | ||
|---|---|---|---|
| 001 | 004147 | ||
| 003 | MACL | ||
| 005 | 20151025153031.0 | ||
| 008 | 151025b xxu||||| |||| 00| 0 eng d | ||
| 040 |
_aMACL _cMACL |
||
| 041 | _aEnglish | ||
| 082 | _a934/SET | ||
| 100 |
_aSethna, K.D. _916771 |
||
| 245 |
_aProblems Of Ancient India _cK.D. Sethna |
||
| 260 |
_aNew Delhi _c2000 _bAditya Prakashan, |
||
| 350 | _a500 | ||
| 650 |
_aHistory _916772 |
||
| 942 |
_k934 _cBK _2ddc |
||
| 999 |
_c16038 _d16038 |
||